书目信息 |
| 题名: |
锁相技术
|
|
| 作者: | 王福昌 , 鲁昆生 编著 | |
| 分册: | ||
| 出版信息: | 武汉 华中工学院出版社 1997.05 |
|
| 页数: | 190页 | |
| 开本: | 26cm | |
| 丛书名: | ||
| 单 册: | ||
| 中图分类: | TN911.8 | |
| 科图分类: | ||
| 主题词: | 通信理论 | |
| 电子资源: | ||
| ISBN: | 7-5609-1543-4 | |
| 000 | 00597nam0 2200205 45 | |
| 001 | 0437501034 | |
| 005 | 2004042210250038 | |
| 010 | @a7-5609-1543-4@dCNY 16.80 | |
| 100 | @a20040422d1997 km y0chiy0120 ea | |
| 101 | 0 | @achi |
| 102 | @aCN@b420000 | |
| 200 | 1 | @a锁相技术@ASuo Xiang Ji Shu@f王福昌,鲁昆生编著@FWang Fu Chang,Lu Kun Sheng Bian Zhu |
| 210 | @a武汉@c华中工学院出版社@d1997.05 | |
| 215 | @a190页@d26cm | |
| 606 | 0 | @a通信理论 |
| 690 | @aTN911.8@v3 | |
| 701 | 0 | @a王福昌@AWang Fu Chang@4编著 |
| 701 | 0 | @a鲁昆生@ALu Kun Sheng@4编著 |
| 801 | 0 | @aCN@bPFT@c20040422 |
| 905 | @dTN911.8@eW170 | |
| 锁相技术/王福昌,鲁昆生编著.-武汉:华中工学院出版社,1997.05 |
| 190页;26cm |
| ISBN 7-5609-1543-4:CNY 16.80 |
| ● |
| 相关链接 |
|
|
|
正题名:锁相技术
索取号:TN911.8/W170
 
预约/预借
| 序号 | 登录号 | 条形码 | 馆藏地/架位号 | 状态 | 备注 |
| 1 | 379780 | 203797800 | 自科二线400A/400A自科库 6排3列5层/ [索取号:TN911.8/W170] | 在馆 | |
| 2 | 379781 | 203797819 | 自科二线400A/400A自科库 6排3列5层/ [索取号:TN911.8/W170] | 在馆 |